| 000 | 00664nam a2200241 a 4500 | ||
|---|---|---|---|
| 005 | 20191224041528.0 | ||
| 008 | 140220b1992 -Us||||| |||| 00| 0 eng d | ||
| 040 |
_aCO-BoIAVH _cCO-BoIAVH |
||
| 041 | _aeng | ||
| 044 | _axxu | ||
| 082 |
_a550 _bO39m |
||
| 100 | _aOjima, Dennis | ||
| 245 | 1 | 0 | _aModeling the earth system |
| 260 |
_aBoulder _bUCAR _c1992 |
||
| 300 | _a488 páginas | ||
| 650 | 1 | 4 | _aInteracción ecológica |
| 650 | 1 | 4 | _aEcología de ecosistemas |
| 650 | 1 | 4 | _aModelación ecológica |
| 650 | 1 | 4 | _aEfecto invernadero |
| 650 | 1 | 4 | _aBiogeoquímica |
| 650 | 1 | 4 | _aCambio climático |
| 942 |
_cLIBRO _2ddc |
||
| 999 |
_c425 _d425 |
||